| 000 | 00431nam a22001697a 4500 | ||
|---|---|---|---|
| 003 | NUST - PNEC | ||
| 005 | 20170116180902.0 | ||
| 008 | 150901b xxu||||| |||| 00| 0 eng d | ||
| 020 | _a- | ||
| 040 | _cLIBRARY | ||
| 082 | _a537 KIP | ||
| 100 |
_96368 _aKip, Arthur F. |
||
| 245 |
_aFundamentals of electricity and magnetism _cArthur F. Kip |
||
| 260 | _cc.1963 | ||
| 650 |
_96372 _aElectrical Engineering _xEE |
||
| 942 |
_2ddc _cBK |
||
| 999 |
_c64977 _d64977 |
||